Riconosci lo Stato - Quiz n°195 - Statistics

Statistiche generali
  • Questo quiz è stato fatto 24 volte
  • Il punteggio medio è 12 su 13
Statistiche sulle risposte
Indizio Risposta % Corretto
Popolazione Totale 3 271 578 ab.
95%
Valuta Marco
95%
Iniziale della Capitale S
95%
Fuso Orario UTC+1
95%
Tasso di crescita -0,09%
89%
ISU 0,780
89%
PIL (nominale) 23 000 milioni di $
89%
Superficie 51 209 km²
89%
Presidente del Consiglio Borjana Krišto
89%
Risposta Bosnia ed Erzegovina
89%
Indipendenza dalla Jugoslavia,
3 marzo 1992 (dichiarata),
5 aprile 1992 (riconosciuta)
89%
Forma di Governo Repubblica parlamentare federale
89%
Membri della Presidenza Željka Cvijanović
serbo
Denis Bećirović
bosgnacco
Željko Komšić1
croato
89%
Nessun quiz corrispondente trovato
Distribuzione punteggi
Percentuale di utenti per punteggio
Percentile per numero di risposta
I tuoi punteggi nel tempo
Non hai fatto questo quiz